Microprocessors : Comprehensive Studies (Record no. 8330)

MARC details
000 -LEADER
fixed length control field 00370nam a2200145Ia 4500
008 - FIXED-LENGTH DATA ELEMENTS--GENERAL INFORMATION
fixed length control field 221030s9999 xx 000 0 und d
041 ## - LANGUAGE CODE
Language code of text/sound track or separate title
082 ## - DEWEY DECIMAL CLASSIFICATION NUMBER
Classification number 105.23
Item number Gro
100 ## - MAIN ENTRY--AUTHOR NAME
Personal name N. Grover
245 #0 - TITLE STATEMENT
Title Microprocessors : Comprehensive Studies
Statement of responsibility, etc by N. Grover
260 ## - PUBLICATION, DISTRIBUTION, ETC. (IMPRINT)
Name of publisher Dhanpat Rai Pub
Place of publication New Delhi
Year of publication 2002
300 ## - PHYSICAL DESCRIPTION
Number of Pages 604
650 ## - SUBJECT ADDED ENTRY--TOPICAL TERM
Topical Term BE Computer
942 ## - ADDED ENTRY ELEMENTS (KOHA)
Koha item type Books
Holdings
Accession Number Cost, normal purchase price Full call number Price effective from Koha item type Withdrawn / writtenoff status Materials specified (bound volume or other part) Damaged status Not for loan Permanent Location Current Location Shelving location Date acquired Lost/ Missing status department
BE 6641 150.00 105.23 Gro 10/30/2022 Books   Print   Not For Loan MIET Library, Jammu MIET Library, Jammu BL-Second, FL-1, CUP-56, SH-4, R-4 04/15/2003   BE
BE 6642 150.00 105.23 Gro 10/30/2022 Books   Print     MIET Library, Jammu MIET Library, Jammu BL-Academic Block C, FL-12, CUP-126, SH-3, R-3 04/15/2003   BE